[Event "World Junior Girls 2015"]
[Site "Khanty-Mansiysk RUS"]
[Date "2015.09.02"]
[Round "1.22"]
[White "Garifullina, Leya"]
[Black "Utiatskaja, Irina"]
[Result "1-0"]
[BlackTitle "WFM"]
[WhiteElo "1776"]
[BlackElo "2201"]
[WhiteFideId "34127035"]
[BlackFideId "24140848"]
[EventDate "2015.09.02"]

1. e4 c5 2. Nf3 d6 3. d4 cxd4 4. Nxd4 Nf6 5. Nc3 a6 6. Bg5 e6 7. f4 Be7 8. Qf3
h6 9. Bh4 Qc7 10. O-O-O Nbd7 11. Bd3 g5 12. fxg5 Ne5 13. Qe2 Nfg4 14. h3 hxg5
15. Bg3 Nf6 16. Nf3 Nh5 17. Bh2 Nf4 18. Qf2 b5 19. Kb1 Qa7 20. Qf1 Bd7 21. Ne2
Nfg6 22. Bg1 Qb7 23. Bd4 Bc6 24. Ng3 Rh7 25. Qf2 Nxf3 26. Qxf3 f5 27. Rhe1 f4
28. Nf1 e5 29. Bg1 O-O-O 30. Qe2 Rd7 31. Rc1 Kb8 32. Nd2 Nf8 33. Nb3 Bd8 34. c4
Ne6 35. Ka1 b4 36. c5 a5 37. Ba6 Qa8 38. cxd6 Rxd6 39. Bb5 Qb7 40. Bxc6 Rxc6 41.
Rxc6 Qxc6 42. Rc1 Qb7 43. Qc4 Re7 44. Bc5 Re8 45. Bd6+ Ka7 46. Bxe5 Bb6 47. Bd6
Qd7 48. e5 a4 49. Nd2 a3 50. bxa3 Bd4+ 51. Kb1 bxa3 52. Nb3 Bb2 53. Rc2 g4 54.
Na5 Nd4 55. Bc5+ Kb8 56. Bxd4 Bxd4 57. Nc6+ Kb7 58. Nxd4 Rxe5 59. Qb4+ Ka8 60.
Qxa3+ Kb7 61. Qb4+ Ka8 62. Nc6 Qd1+ 63. Kb2 1-0

[Event "World Junior Girls 2015"]
[Site "Khanty-Mansiysk RUS"]
[Date "2015.09.02"]
[Round "1.23"]
[White "Buksa, Nataliya"]
[Black "Voskresenskaya, Marta"]
[Result "1-0"]
[WhiteTitle "WFM"]
[WhiteElo "2199"]
[BlackElo "1703"]
[WhiteFideId "14123622"]
[BlackFideId "34127795"]
[EventDate "2015.09.02"]

1. e4 c5 2. Nc3 Nc6 3. g3 g6 4. Bg2 Bg7 5. d3 Nf6 6. f4 d6 7. Nf3 Bg4 8. h3 Bxf3
9. Qxf3 Nd4 10. Qf2 Qc7 11. O-O e6 12. Be3 Nd7 13. Rae1 Rb8 14. Nd1 b5 15. f5
O-O 16. Qd2 exf5 17. c3 Nc6 18. exf5 Nce5 19. Bh6 Rbe8 20. Bxg7 Kxg7 21. b3 a5
22. Ne3 Nf6 23. d4 Ned7 24. Kh2 Rh8 25. Rf2 Nb6 26. fxg6 fxg6 27. Rxf6 Rxe3 28.
Qxe3 Kxf6 29. Qh6 Kf7 30. Qf4+ Kg7 31. dxc5 Rd8 32. cxb6 Qd7 33. Qd4+ Kg8 34.
Bd5+ Kf8 35. Qh8# 1-0

[Event "World Junior Girls 2015"]
[Site "Khanty-Mansiysk RUS"]
[Date "2015.09.02"]
[Round "1.24"]
[White "Musaeva, Shakhnazi"]
[Black "Wozniak, Mariola"]
[Result "0-1"]
[BlackTitle "WCM"]
[WhiteElo "1586"]
[BlackElo "2198"]
[WhiteFideId "13801643"]
[BlackFideId "1152050"]
[EventDate "2015.09.02"]

1. e4 c5 2. Nf3 d6 3. d4 cxd4 4. Nxd4 Nf6 5. Nc3 a6 6. Be3 e6 7. Be2 Be7 8. O-O
O-O 9. f4 Qc7 10. Qe1 Nc6 11. Qf2 Bd7 12. Rad1 b5 13. a3 Nxd4 14. Bxd4 Bc6 15.
Bf3 Qb7 16. Rfe1 Rfd8 17. Bb6 Re8 18. Qe3 a5 19. Bd4 Nd7 20. Qe2 b4 21. axb4
axb4 22. Nb1 e5 23. fxe5 dxe5 24. Bf2 Ra2 25. c4 bxc3 26. Nxc3 Rxb2 27. Qd3 Bc5
28. Bxc5 Nxc5 29. Qe3 Ne6 30. Nd5 Nd4 31. Rf1 f6 32. Qc3 Rc2 33. Qe3 Ra8 34. Rb1
Qa7 35. Kh1 Nxf3 36. Qxf3 Qc5 37. Nb4 Rc3 38. Qg4 Qc4 39. Nxc6 Qxc6 40. Rbd1 Re3
41. Rd7 g6 42. Rd5 f5 43. Qg5 Rxe4 44. Qd2 Re8 45. Rd1 Rc4 46. Rd6 Qc5 47. Rd5
Qb4 48. Qa2 Qa4 49. Qf2 Rd4 50. R5xd4 exd4 51. Qf3 Re3 52. Qd5+ Kg7 53. Rb1 Qb4
54. Rg1 d3 55. Qd7+ Kh6 56. Qa7 Re1 0-1

[Event "World Junior Girls 2015"]
[Site "Khanty-Mansiysk RUS"]
[Date "2015.09.03"]
[Round "2.1"]
[White "Buksa, Nataliya"]
[Black "Ziaziulkina, Nastassia"]
[Result "1/2-1/2"]
[WhiteTitle "WFM"]
[BlackTitle "IM"]
[WhiteElo "2199"]
[BlackElo "2401"]
[WhiteFideId "14123622"]
[BlackFideId "13505211"]
[EventDate "2015.09.02"]

1. e4 c5 2. Nf3 d6 3. d4 cxd4 4. Nxd4 Nf6 5. Nc3 a6 6. Be2 e6 7. O-O Be7 8. f4
O-O 9. Be3 Nc6 10. Kh1 Bd7 11. Qe1 b5 12. a3 Qb8 13. Bd3 Nxd4 14. Bxd4 e5 15.
Be3 Bc6 16. fxe5 dxe5 17. Bg5 h6 18. Bh4 Qc7 19. Bxf6 Bxf6 20. Rxf6 gxf6 21.
Qg3+ Kh8 22. Qh4 Kg7 23. Qg3+ Kh8 24. Qh4 Kg7 25. Qg3+ 1/2-1/2

[Event "World Junior Girls 2015"]
[Site "Khanty-Mansiysk RUS"]
[Date "2015.09.03"]
[Round "2.2"]
[White "Abdumalik, Zhansaya"]
[Black "Paredes Bustamante, Paula"]
[Result "1-0"]
[WhiteTitle "WGM"]
[BlackTitle "WFM"]
[WhiteElo "2380"]
[BlackElo "2156"]
[WhiteFideId "13703544"]
[BlackFideId "3804992"]
[EventDate "2015.09.02"]

1. e4 c5 2. Nf3 e6 3. d4 cxd4 4. Nxd4 a6 5. Bd3 Qc7 6. O-O Nf6 7. Qe2 d6 8. c4
g6 9. b3 Bg7 10. Bb2 Nbd7 11. f4 O-O 12. Kh1 b6 13. Nc3 Bb7 14. b4 Rfe8 15. Rac1
Rac8 16. Nf3 Qb8 17. Qd2 Red8 18. Qe2 Bh6 19. Ng5 Bg7 20. a4 Qa8 21. Rce1 Rf8
22. Kg1 Rcd8 23. Bb1 Nh5 24. g4 Nhf6 25. h3 h5 26. Nd1 e5 27. f5 Bh6 28. Bc1
hxg4 29. hxg4 Kg7 30. Nc3 Rh8 31. Nd5 Bxd5 32. exd5 Rdg8 33. fxg6 Bxg5 34. Bxg5
fxg6 35. Rf2 Qe8 36. Ref1 Rf8 37. Kg2 Nh7 38. Bd2 Rxf2+ 39. Rxf2 Nhf6 40. Kg3
Qg8 41. Rh2 Rxh2 42. Qxh2 Qh7 43. Qxh7+ Nxh7 44. g5 Kf7 45. Kf3 Nhf8 46. Bd3 Ke7
47. Be3 Kd8 48. a5 Kc7 49. axb6+ Nxb6 50. Ke4 Na4 51. Bc2 Nb6 52. c5 Nc8 53. Bd3
a5 54. bxa5 dxc5 55. Kxe5 Nd6 56. Bxc5 Nd7+ 57. Kd4 Nxc5 58. Kxc5 Nf7 59. Bxg6
Nxg5 60. a6 Kb8 61. Kb6 1-0

[Event "World Junior Girls 2015"]
[Site "Khanty-Mansiysk RUS"]
[Date "2015.09.03"]
[Round "2.3"]
[White "Wozniak, Mariola"]
[Black "Rodriguez Rueda, Paula Andrea"]
[Result "1/2-1/2"]
[WhiteTitle "WCM"]
[BlackTitle "IM"]
[WhiteElo "2198"]
[BlackElo "2358"]
[WhiteFideId "1152050"]
[BlackFideId "4404564"]
[EventDate "2015.09.02"]

1. e4 c5 2. Nf3 d6 3. d4 cxd4 4. Nxd4 Nf6 5. Nc3 a6 6. Be2 e5 7. Nb3 Be7 8. O-O
Be6 9. Be3 Nbd7 10. f3 O-O 11. Nd5 Bxd5 12. exd5 b5 13. a4 Nb6 14. axb5 Nbxd5
15. Bf2 axb5 16. Bxb5 Rxa1 17. Qxa1 Qc7 18. c4 Nf4 19. Rd1 d5 20. Qa5 Qc8 21.
Qa7 Bd6 22. Bc5 Bxc5+ 23. Qxc5 Qf5 24. cxd5 Rc8 25. Bc6 Qg6 26. g3 N6xd5 27. Na5
e4 28. fxe4 Nh3+ 29. Kf1 Nf6 30. Qe7 h5 31. Rd8+ Rxd8 32. Qxd8+ Kh7 33. Qc8 Ng4
34. Ke2 Qd6 35. Qf5+ Kh6 36. Qd5 Qf6 37. Nc4 Qf2+ 38. Kd1 Qg1+ 39. Kc2 Qxh2+ 40.
Qd2+ Qxd2+ 41. Kxd2 Ng5 42. b4 Nf3+ 43. Kc3 Nge5 44. b5 g5 45. Na5 h4 46. gxh4
g4 47. b6 g3 48. b7 g2 49. b8=Q g1=Q 50. Qh8+ Kg6 51. Qg8+ Kh5 52. Qxg1 1/2-1/2

[Event "World Junior Girls 2015"]
[Site "Khanty-Mansiysk RUS"]
[Date "2015.09.03"]
[Round "2.4"]
[White "Mammadzada, Gunay"]
[Black "Gaboyan, Susanna"]
[Result "0-1"]
[WhiteTitle "WGM"]
[WhiteElo "2355"]
[BlackElo "2107"]
[WhiteFideId "13403729"]
[BlackFideId "13303627"]
[EventDate "2015.09.02"]

1. d4 Nf6 2. c4 c5 3. Nf3 cxd4 4. Nxd4 Nc6 5. Nc3 e5 6. Ndb5 d6 7. Nd5 Nxd5 8.
cxd5 Qa5+ 9. Nc3 Nb8 10. e4 Be7 11. Bb5+ Nd7 12. O-O O-O 13. Be3 Qd8 14. Rc1 Bg5
15. Bxg5 Qxg5 16. Ne2 Nf6 17. f3 Nh5 18. Kh1 g6 19. Rc7 Ng7 20. Bd7 Qd8 21. Rxc8
Qxd7 22. Rxa8 Rxa8 23. Qb3 Rc8 24. Rc1 Rxc1+ 25. Nxc1 f5 26. Ne2 fxe4 27. fxe4
Nh5 28. Nc3 Nf4 29. Qd1 a6 30. a4 Qd8 31. g3 Nh3 32. Kg2 Qd7 33. Qf3 Ng5 34. Qe2
h5 35. Qf1 Kg7 36. Qe2 Qh3+ 37. Kg1 h4 38. Qg2 hxg3 39. Qxg3 Qh5 40. Kg2 Nh7 41.
Qe3 Nf6 42. h3 Qh4 43. Qf2 Qg5+ 44. Qg3 Qc1 45. Qf2 Nh5 46. Na2 Nf4+ 47. Kh2 Qb1
48. Nc3 Qd3 49. h4 b5 50. axb5 axb5 51. Qg3 Qd2+ 52. Kh1 Qc1+ 53. Qg1 Qxb2 54.
Qg5 Kf7 55. Qg3 b4 56. Nb5 Qb1+ 57. Kh2 Qc2+ 0-1

[Event "World Junior Girls 2015"]
[Site "Khanty-Mansiysk RUS"]
[Date "2015.09.03"]
[Round "2.5"]
[White "Ivanova, Karina"]
[Black "Pratyusha, Bodda"]
[Result "1/2-1/2"]
[WhiteTitle "WFM"]
[BlackTitle "WIM"]
[WhiteElo "2177"]
[BlackElo "2326"]
[WhiteFideId "24139750"]
[BlackFideId "5000629"]
[EventDate "2015.09.02"]

1. d4 d5 2. c4 c6 3. Nf3 Nf6 4. e3 Bg4 5. Nc3 e6 6. Bd3 Nbd7 7. h3 Bh5 8. O-O
Bd6 9. e4 dxe4 10. Nxe4 Nxe4 11. Bxe4 Nf6 12. Bc2 Bc7 13. Be3 Qd6 14. g3 O-O-O
15. Kg2 g5 16. Qe1 c5 17. Bxg5 Bxf3+ 18. Kxf3 Qxd4 19. Qc3 Qxc3+ 20. bxc3 Be5
21. Rab1 Rd6 22. Bxf6 Bxf6 23. Be4 b6 24. Rfd1 Rxd1 25. Rxd1 Bxc3 26. g4 h6 27.
Kg3 Bd4 28. Bf3 Kc7 29. h4 Rg8 30. Re1 Kd6 31. Re2 a6 32. Bb7 f5 33. f3 Be5+ 34.
Kh3 a5 35. Rg2 Rg7 36. Ba6 fxg4+ 37. fxg4 Rf7 38. Rd2+ Bd4 39. g5 h5 40. Kg3 e5
41. Bb5 e4 42. Be8 Rf3+ 43. Kg2 Rc3 44. g6 Rd3 45. Rxd3 exd3 46. Kf3 b5 47. Bxb5
Ke7 48. Bc6 Kf6 49. Be4 d2 50. Ke2 Bf2 51. Kxd2 Bxh4 52. a4 Bg5+ 53. Ke2 Bh6 54.
Kf3 Ke5 55. Bc6 Bg7 56. Kg3 Kf5 57. Kh4 Kxg6 58. Be8+ Kf5 59. Kxh5 1/2-1/2

[Event "World Junior Girls 2015"]
[Site "Khanty-Mansiysk RUS"]
[Date "2015.09.03"]
[Round "2.6"]
[White "Milosevic, Jovana"]
[Black "Khomeriki, Nino"]
[Result "0-1"]
[WhiteTitle "WFM"]
[BlackTitle "WFM"]
[WhiteElo "2117"]
[BlackElo "2296"]
[WhiteFideId "900427"]
[BlackFideId "13603191"]
[EventDate "2015.09.02"]

1. Nf3 d5 2. d4 Nf6 3. c4 e6 4. e3 c5 5. dxc5 Bxc5 6. a3 O-O 7. b4 Be7 8. Bb2 a5
9. Qb3 axb4 10. axb4 Rxa1 11. Bxa1 Qb6 12. b5 Ne4 13. Nbd2 Qa5 14. Bb2 Rd8 15.
Qc2 Bb4 16. Bc1 e5 17. cxd5 Bf5 18. Qd1 Qa1 0-1

[Event "World Junior Girls 2015"]
[Site "Khanty-Mansiysk RUS"]
[Date "2015.09.03"]
[Round "2.7"]
[White "Michelle Catherina, P"]
[Black "Leonardi, Caterina"]
[Result "1/2-1/2"]
[WhiteTitle "WIM"]
[WhiteElo "2259"]
[BlackElo "2080"]
[WhiteFideId "5005736"]
[BlackFideId "14601036"]
[EventDate "2015.09.02"]

1. e4 e6 2. d4 d5 3. Nc3 Bb4 4. exd5 exd5 5. Bd3 Nf6 6. Ne2 Be6 7. O-O O-O 8.
Bg5 Be7 9. Ng3 Qd7 10. Nce2 h6 11. Bxf6 Bxf6 12. c3 Be7 13. Nf4 c5 14. Bc2 g6
15. Re1 Bg4 16. f3 Bg5 17. Nd3 Bf5 18. Nxf5 Qxf5 19. Nxc5 Qc8 20. Bb3 Rd8 21.
Re5 Qc6 22. Nd3 a5 23. a3 Na6 24. f4 Bf6 25. Re3 Nc7 26. Qf3 Ne6 27. Ne5 Qb5 28.
f5 Ng5 29. Qd1 a4 30. Bc2 Bxe5 31. Rxe5 Qxb2 32. fxg6 f6 33. Re3 Re8 34. Rb1
Qxa3 35. Rxe8+ Rxe8 36. Bxa4 Re7 37. Qb3 Qd6 38. c4 Qf4 39. Rd1 dxc4 40. Qxc4+
Kg7 41. Qf1 Qe3+ 1/2-1/2

[Event "World Junior Girls 2015"]
[Site "Khanty-Mansiysk RUS"]
[Date "2015.09.03"]
[Round "2.8"]
[White "Monnisha, G K"]
[Black "Drogovoz, Irina"]
[Result "0-1"]
[WhiteTitle "WFM"]
[WhiteElo "2004"]
[BlackElo "2253"]
[WhiteFideId "5009936"]
[BlackFideId "4176715"]
[EventDate "2015.09.02"]

1. e4 c5 2. Nf3 d6 3. d4 cxd4 4. Nxd4 Nf6 5. Nc3 a6 6. Be3 e6 7. Be2 Be7 8. a4
Qc7 9. O-O b6 10. f4 Bb7 11. Bf3 Nbd7 12. Nb3 O-O 13. Kh1 Rfe8 14. g4 Nc5 15.
Nxc5 bxc5 16. g5 Nd7 17. Bg2 Bf8 18. Rf3 g6 19. Rh3 Bg7 20. Bf2 f6 21. Qg4 f5
22. exf5 gxf5 23. Qg3 Nf8 24. Re1 Ng6 25. Ne2 Rab8 26. b3 e5 27. Qd3 e4 28. Qc4+
Kh8 29. Bd4 Bxd4 30. Nxd4 Nxf4 31. Qc3 Re5 32. Rg3 Nd5 33. Qd2 cxd4 34. g6 Rg8
35. Qh6 Qe7 36. Rg1 f4 37. g7+ Rxg7 38. Rxg7 Qxg7 39. Qxd6 Rg5 0-1

[Event "World Junior Girls 2015"]
[Site "Khanty-Mansiysk RUS"]
[Date "2015.09.03"]
[Round "2.10"]
[White "Nguyen, Thi Thuy Trien"]
[Black "Ibrahimova, Sabina"]
[Result "1-0"]
[WhiteTitle "WFM"]
[BlackTitle "WIM"]
[WhiteElo "1939"]
[BlackElo "2215"]
[WhiteFideId "12404179"]
[BlackFideId "13403893"]
[EventDate "2015.09.02"]

1. d4 Nf6 2. c4 g6 3. Nc3 Bg7 4. e4 d6 5. Nf3 O-O 6. Be2 e5 7. d5 a5 8. Bg5 h6
9. Bh4 Na6 10. O-O Nc5 11. Qc2 Bd7 12. Nd2 Qe8 13. f3 Nh7 14. Bf2 h5 15. Nb5 Rc8
16. a3 a4 17. b4 axb3 18. Nxb3 Nxb3 19. Qxb3 b6 20. a4 f5 21. a5 bxa5 22. c5
fxe4 23. fxe4 Qe7 24. Rxa5 Rf4 25. Nxc7 Rxf2 26. Rxf2 Rxc7 27. Ra8+ Nf8 28. c6
Bc8 29. Qb6 Bh6 30. Bf1 h4 31. h3 Bf4 32. Rfa2 Bg3 33. R2a3 Qf7 34. Rf3 Bf4 35.
Rb8 Qe7 36. Ra3 Bc1 37. Raa8 Qg5 38. Qxc7 Qe3+ 39. Kh1 Qe1 40. Qb6 Qxf1+ 41. Qg1
Qc4 42. Rxc8 1-0

[Event "World Junior Girls 2015"]
[Site "Khanty-Mansiysk RUS"]
[Date "2015.09.03"]
[Round "2.11"]
[White "Bivol, Alina"]
[Black "Garifullina, Leya"]
[Result "1-0"]
[WhiteTitle "WIM"]
[WhiteElo "2321"]
[BlackElo "1776"]
[WhiteFideId "4100123"]
[BlackFideId "34127035"]
[EventDate "2015.09.02"]

1. Nf3 d5 2. g3 Nf6 3. Bg2 c6 4. O-O Bg4 5. d3 Nbd7 6. h3 Bxf3 7. Bxf3 e5 8. Bg2
Bc5 9. c4 O-O 10. cxd5 cxd5 11. Nc3 Nb6 12. Bg5 Be7 13. a4 d4 14. Nb5 Nbd5 15.
Bxf6 Nxf6 16. Bxb7 Rb8 17. Bg2 a6 18. Na7 Rxb2 19. Qc1 Rb3 20. Qc4 Rb6 21. Rfc1
Qd7 22. Nc8 Re6 23. h4 Ne8 24. Bh3 f5 25. Bg2 Kh8 26. Qd5 Nd6 27. Nb6 Qd8 28.
Qxe6 Re8 29. Rc6 Bf8 30. Qd7 Qb8 31. Qc7 Qxc7 1-0

[Event "World Junior Girls 2015"]
[Site "Khanty-Mansiysk RUS"]
[Date "2015.09.03"]
[Round "2.12"]
[White "Derakhshani, Dorsa"]
[Black "Navrotescu, Andreea-Cristiana"]
[Result "1-0"]
[WhiteTitle "WIM"]
[BlackTitle "WFM"]
[WhiteElo "2244"]
[BlackElo "2263"]
[WhiteFideId "12500330"]
[BlackFideId "675946"]
[EventDate "2015.09.02"]

1. e4 c5 2. Nf3 e6 3. d4 cxd4 4. Nxd4 a6 5. Bd3 Bc5 6. Nb3 Ba7 7. Qe2 Nc6 8. Be3
Nge7 9. Nc3 O-O 10. O-O e5 11. Bg5 f6 12. Bh4 Ng6 13. Bg3 b5 14. Nd5 Kh8 15. Kh1
d6 16. a4 bxa4 17. Rxa4 a5 18. Rfa1 Bd7 19. Bb5 f5 20. exf5 Rxf5 21. Bxc6 Bxc6
22. Rxa5 Bc5 23. Rxa8 Bxa8 24. Nxc5 Bxd5 25. Ne4 Nf4 26. Bxf4 Rxf4 27. f3 Qb6
28. b3 h6 29. Ra6 Qb4 30. Ra4 Qb8 31. Nc3 Bc6 32. Rxf4 exf4 33. h3 Qb4 34. Qc4
Qxc4 35. bxc4 Kg8 36. Nb5 Kf7 37. Nxd6+ Ke6 38. Nb5 Ke5 39. Kg1 g5 40. Kf2 h5
41. c3 Bd7 42. Nd4 Kd6 43. Ke2 Be8 44. c5+ Kxc5 45. Ne6+ Kd6 46. Nxg5 Bb5+ 47.
Kf2 h4 48. Ne4+ Ke5 49. Ke1 Bd3 50. Nf2 Bc4 51. Nd1 Kd5 52. Nb2 Bb5 53. Kd2 Ke5
54. c4 Bc6 55. Kc3 1-0

[Event "World Junior Girls 2015"]
[Site "Khanty-Mansiysk RUS"]
[Date "2015.09.03"]
[Round "2.13"]
[White "Vasova, Maria"]
[Black "Sviridova, Vlada"]
[Result "0-1"]
[BlackTitle "WFM"]
[WhiteElo "2069"]
[BlackElo "2125"]
[WhiteFideId "2900955"]
[BlackFideId "24109606"]
[EventDate "2015.09.02"]

1. e4 e6 2. d4 d5 3. Nd2 c5 4. exd5 Qxd5 5. Ngf3 cxd4 6. Bc4 Qd6 7. O-O Nf6 8.
Nb3 Nc6 9. Nbxd4 Nxd4 10. Nxd4 a6 11. Re1 Qc7 12. Qe2 Bd7 13. Bg5 Bd6 14. Bxf6
gxf6 15. Bxe6 Bxh2+ 16. Kh1 O-O-O 17. Bxf7 Be5 18. c3 Kb8 19. Qc4 Qd6 20. Nf3
Bc6 21. Nxe5 fxe5 22. Qe2 Rhf8 23. Bc4 Rf4 24. Rad1 Qh6+ 25. Kg1 Rdf8 26. Qxe5+
Ka8 27. Bd5 Rh4 28. g3 Rh1+ 0-1

[Event "World Junior Girls 2015"]
[Site "Khanty-Mansiysk RUS"]
[Date "2015.09.03"]
[Round "2.14"]
[White "Saduakassova, Dinara"]
[Black "Sazonova, Anastasia"]
[Result "1-0"]
[WhiteTitle "WGM"]
[BlackTitle "WFM"]
[WhiteElo "2409"]
[BlackElo "2020"]
[WhiteFideId "13700090"]
[BlackFideId "24131008"]
[EventDate "2015.09.02"]

1. d4 f5 2. c4 Nf6 3. Nf3 e6 4. Nc3 d5 5. Bf4 c6 6. e3 Bd6 7. Bd3 O-O 8. O-O Ne4
9. Ne2 g5 10. Bxd6 Nxd6 11. Ne5 Nd7 12. Qc2 Nf6 13. f3 Bd7 14. c5 Nf7 15. h3 Be8
16. b4 Nxe5 17. dxe5 Nd7 18. Nd4 Qe7 19. f4 gxf4 20. exf4 Kh8 21. Qb2 Rg8 22.
Rae1 Bg6 23. Kh2 Rg7 24. g3 Rag8 25. Rg1 Nf8 26. Qa3 a6 27. Qc3 Nd7 28. Rg2 Rf8
29. Be2 Rfg8 30. Reg1 Nf8 31. Nb3 Qf7 32. Qf3 Qe7 33. Nd4 Nd7 34. Qe3 Nf8 35.
Bf3 Qf7 36. g4 fxg4 37. hxg4 Qe7 38. Kh3 Be8 39. f5 Qg5 40. Qxg5 Rxg5 41. Bd1
Bd7 42. Nf3 R5g7 43. f6 Rf7 44. Bc2 Be8 45. Kg3 Rd7 46. Kf4 Bg6 47. Ke3 d4+ 48.
Nxd4 Bxc2 49. Rxc2 Rd5 50. Nf3 Ng6 51. Ke4 Rgd8 52. Rgg2 Kg8 53. Rgd2 Rxd2 54.
Rxd2 Rd5 55. Rxd5 cxd5+ 56. Kd4 h6 57. a4 Nf4 58. b5 axb5 59. axb5 Ne2+ 60. Ke3
Nc3 61. c6 bxc6 62. b6 1-0

[Event "World Junior Girls 2015"]
[Site "Khanty-Mansiysk RUS"]
[Date "2015.09.03"]
[Round "2.15"]
[White "Saranya, J"]
[Black "Aulia, Medina Warda"]
[Result "0-1"]
[WhiteTitle "WFM"]
[BlackTitle "WGM"]
[WhiteElo "2144"]
[BlackElo "2417"]
[WhiteFideId "5031931"]
[BlackFideId "7101570"]
[EventDate "2015.09.02"]

1. e4 e6 2. Nf3 d5 3. Nc3 Nf6 4. e5 Nfd7 5. d4 c5 6. dxc5 Nc6 7. Bf4 Bxc5 8. Bd3
a6 9. O-O h6 10. Bg3 g5 11. h3 h5 12. Re1 g4 13. hxg4 hxg4 14. Nh2 Qg5 15. Qc1
Qxc1 16. Raxc1 Rg8 17. Na4 Bd4 18. c4 Ndxe5 19. Bh7 Rg5 20. cxd5 exd5 21. Rcd1
f6 22. Rxd4 Nxd4 23. Nb6 Rb8 24. Bh4 Ne6 25. Nxc8 Rh5 26. Bxf6 Rxc8 27. Rxe5
Rc1+ 28. Nf1 Rxh7 29. Rxe6+ Kd7 30. Re2 Rxf1+ 0-1

[Event "World Junior Girls 2015"]
[Site "Khanty-Mansiysk RUS"]
[Date "2015.09.03"]
[Round "2.16"]
[White "Lingur, Zalina"]
[Black "Osmanodja, Filiz"]
[Result "1-0"]
[WhiteTitle "WFM"]
[BlackTitle "WIM"]
[WhiteElo "2128"]
[BlackElo "2309"]
[WhiteFideId "34165670"]
[BlackFideId "24633569"]
[EventDate "2015.09.02"]

1. e4 e5 2. Nf3 Nc6 3. Bb5 a6 4. Ba4 Nf6 5. O-O b5 6. Bb3 Be7 7. Re1 O-O 8. c3
d6 9. h3 Nb8 10. d4 Nbd7 11. Nbd2 Bb7 12. Bc2 Re8 13. Nf1 Bf8 14. Ng3 g6 15. a4
Bg7 16. Bd3 c6 17. Be3 Qc7 18. Qc2 Rac8 19. dxe5 dxe5 20. c4 Qb8 21. c5 Nf8 22.
Qc3 Ne6 23. Bc2 Rcd8 24. Ne2 Nh5 25. g3 Rd7 26. Red1 Red8 27. Rxd7 Rxd7 28. Bb3
Qd8 29. Bxe6 Rd1+ 30. Rxd1 Qxd1+ 31. Kg2 fxe6 32. Nc1 Qxa4 33. Qd3 h6 34. Qd7
Qxe4 35. Qxb7 Qd5 36. Qb8+ Kh7 37. Qd6 a5 38. Qxd5 exd5 39. g4 Nf4+ 40. Bxf4
exf4 41. Nd3 a4 42. Nfe1 b4 43. Nxb4 Bxb2 44. Nxc6 Kg7 45. Nd3 a3 46. Ncb4 Kf7
47. Nxf4 d4 48. Kf3 g5 49. Nfd3 Ke6 50. Ke4 Bc3 51. f4 gxf4 52. Nxf4+ Kd7 53.
Nfd3 Ke6 54. h4 1-0

[Event "World Junior Girls 2015"]
[Site "Khanty-Mansiysk RUS"]
[Date "2015.09.03"]
[Round "2.17"]
[White "Fataliyeva, Ulviyya"]
[Black "Gelip, Ioana"]
[Result "1/2-1/2"]
[WhiteTitle "WIM"]
[WhiteElo "2301"]
[BlackElo "2139"]
[WhiteFideId "13403052"]
[BlackFideId "1202260"]
[EventDate "2015.09.02"]

1. e4 e6 2. Qe2 e5 3. Nf3 Nc6 4. c3 g6 5. d4 Bg7 6. dxe5 Nxe5 7. Nxe5 Bxe5 8. g3
d6 9. Bg2 Bg7 10. f4 Nf6 11. O-O O-O 12. Be3 Re8 13. Nd2 Bg4 14. Qd3 Qd7 15. Bd4
d5 16. Bxf6 Bxf6 17. Qxd5 Qxd5 18. exd5 Be7 19. b4 Bf6 20. Rac1 Bf5 21. Nb3 Re2
22. Nc5 Rae8 23. a4 R8e3 24. Rf3 Rxf3 25. Bxf3 Re3 26. Kf2 Rxc3 27. Rxc3 Bxc3
28. Nxb7 Bxb4 29. a5 Kf8 30. Ke3 Ke7 31. a6 Bd7 32. Be2 Ba4 33. Kd4 Bb3 34. Nc5
Ba2 35. Nd3 Ba5 36. Nc1 Bb6+ 37. Ke4 Bb1+ 38. Bd3 Bxd3+ 39. Kxd3 Kd6 40. Kc4 c6
41. dxc6 Kxc6 42. Nd3 Bg1 43. h3 Kb6 44. Nb4 Ka5 45. g4 Bh2 46. f5 gxf5 47. gxf5
f6 48. Nd3 Kxa6 49. Nc5+ Kb6 50. Nd7+ Kc6 51. Nxf6 Kd6 52. Nxh7 Ke5 53. f6 Ke6
54. Kb5 Be5 55. Nf8+ Kxf6 1/2-1/2

[Event "World Junior Girls 2015"]
[Site "Khanty-Mansiysk RUS"]
[Date "2015.09.03"]
[Round "2.18"]
[White "Bayarmaa, Bayarjargal"]
[Black "Hoare, Amy B"]
[Result "1-0"]
[WhiteTitle "WFM"]
[WhiteElo "2265"]
[BlackElo "2088"]
[WhiteFideId "4900260"]
[BlackFideId "418366"]
[EventDate "2015.09.02"]

1. d4 Nf6 2. c4 e6 3. Nf3 d5 4. Nc3 Nbd7 5. Bg5 h6 6. Bh4 Be7 7. e3 O-O 8. cxd5
Nxd5 9. Bxe7 Qxe7 10. Rc1 c6 11. Nxd5 exd5 12. a3 a5 13. Bd3 Nf6 14. Qc2 Ne4 15.
O-O a4 16. Ne5 Nd6 17. f3 Ra5 18. Rfe1 Qg5 19. Qd2 Ra8 20. Qf2 Bf5 21. Bxf5 Qxf5
22. e4 dxe4 23. fxe4 Qxf2+ 24. Kxf2 f5 25. Ng6 Nxe4+ 26. Rxe4 fxe4+ 27. Nxf8
Kxf8 28. Ke3 Ke7 29. Rf1 Ra5 30. Kxe4 Rb5 31. Rf2 Ke6 32. Kd3 Rb3+ 33. Ke4 Rb5
34. Re2 Kd6 35. g4 g6 36. Rf2 Ke6 37. h4 Rd5 38. Kd3 Rb5 39. Re2+ Kd6 40. Rf2
Ke6 41. Ke4 g5 42. Rh2 Rb3 43. hxg5 hxg5 44. Rh6+ Kf7 45. Rh2 Kg6 46. Rg2 Rb5
47. Kd3 Kf6 48. Rf2+ Ke7 49. Re2+ Kd6 50. Ke4 Ke6 51. Kd3+ Kf6 52. Kc4 Rd5 53.
Re8 Kf7 54. Rh8 Rb5 55. Rh2 Kf6 56. Rh6+ Ke7 57. Rh2 Kd6 58. Kd3 Kd5 59. Rh5 Ke6
60. Kc2 Kf6 61. Rh6+ Kg7 62. Rd6 Kf7 63. Rd8 Rb3 64. d5 cxd5 65. Rxd5 Kf6 66.
Rf5+ Kg6 67. Ra5 b5 68. Ra6+ Kf7 69. Rd6 b4 70. Rd3 bxa3 71. bxa3 Rb5 72. Rd4
Ra5 73. Re4 Kf6 74. Kc3 Re5 75. Rxa4 Re3+ 76. Kd4 Rg3 77. Kd5 Rd3+ 78. Ke4 Rc3
79. Ra6+ Kf7 80. Kd5 Rb3 81. Ke5 Rb5+ 82. Kd4 Rb3 83. Kc5 Rc3+ 84. Kb5 Rb3+ 85.
Kc5 Rc3+ 86. Kd5 Rb3 87. Ra7+ Kf6 88. Ra6+ Kf7 89. Ke5 Rb5+ 90. Ke4 Rb3 91. a4
Rc3 92. Ra7+ Ke6 93. Ra6+ Kf7 94. Rd6 Ra3 95. Rd4 Ke6 96. Rb4 Kf6 97. Kd5 Rd3+
98. Kc6 Ra3 99. Kb6 Ke5 100. a5 Rd3 101. a6 Rd6+ 102. Kb7 Rd7+ 103. Kb8 Rd8+
104. Kc7 Ra8 105. Kb7 Rd8 106. a7 Rd7+ 107. Ka6 Rd6+ 108. Ka5 1-0